|
|
|
|
| LEADER |
00000nam0a2200000 4500 |
| 001 |
324101 |
| 005 |
20231102003633.0 |
| 035 |
|
|
|a (RuTPU)RU\TPU\book\349690
|
| 090 |
|
|
|a 324101
|
| 100 |
|
|
|a 20161107d1939 m y0rusy50 ca
|
| 101 |
0 |
|
|a rus
|
| 102 |
|
|
|a RU
|
| 105 |
|
|
|a af z 001zy
|
| 200 |
1 |
|
|a Геология Татарской АССР и прилегающей территории в пределах 109-го листа
|f Московское геологическое управление ; под ред. П. А. Чердынцева,; Е. И. Тихвинского
|h Ч. 2
|
| 210 |
|
|
|a Москва
|a Ленинград
|c ГОНТИ
|d 1939
|
| 215 |
|
|
|a 204 с.
|c ил.
|
| 225 |
1 |
|
|a Труды Московского геологического управления
|v Вып. 31
|
| 320 |
|
|
|a Библиогр.: с. 183-204
|
| 606 |
1 |
|
|a Геология
|y Россия
|2 stltpush
|3 (RuTPU)RU\TPU\subj\71115
|9 85163
|
| 610 |
1 |
|
|a Татарская АССР
|
| 610 |
1 |
|
|a четвертичные отложения
|
| 610 |
1 |
|
|a тектоника
|
| 610 |
1 |
|
|a гидрогеологический очерк
|
| 610 |
1 |
|
|a геоморфология
|
| 610 |
1 |
|
|a полезные ископаемые
|
| 675 |
|
|
|a 55(47+57)
|v 3
|
| 702 |
|
1 |
|a Чердынцев
|b П. А.
|4 340
|
| 702 |
|
1 |
|a Тихвинский
|b Е. И.
|4 340
|
| 712 |
0 |
2 |
|a Московское геологическое управление
|2 stltpush
|3 (RuTPU)RU\TPU\col\27257
|
| 801 |
|
1 |
|a RU
|b 63413507
|c 20161107
|
| 801 |
|
2 |
|a RU
|b 63413507
|c 20200214
|g RCR
|
| 942 |
|
|
|c BK
|